<?xml version="1.0" encoding="UTF-8"?><?xml-stylesheet type="text/xsl" href="static/style.xsl"?><OAI-PMH xmlns="http://www.openarchives.org/OAI/2.0/" xmlns:xsi="http://www.w3.org/2001/XMLSchema-instance" xsi:schemaLocation="http://www.openarchives.org/OAI/2.0/ http://www.openarchives.org/OAI/2.0/OAI-PMH.xsd"><responseDate>2026-06-06T17:42:01Z</responseDate><request verb="GetRecord" identifier="oai:riuma.uma.es:10630/4970" metadataPrefix="marc">https://riuma.uma.es/rest/oai/request</request><GetRecord><record><header><identifier>oai:riuma.uma.es:10630/4970</identifier><datestamp>2026-02-03T11:35:30Z</datestamp><setSpec>com_10630_2254</setSpec><setSpec>col_10630_37953</setSpec></header><metadata><record xmlns="http://www.loc.gov/MARC21/slim" xmlns:dcterms="http://purl.org/dc/terms/" xmlns:doc="http://www.lyncode.com/xoai" xmlns:xsi="http://www.w3.org/2001/XMLSchema-instance" xsi:schemaLocation="http://www.loc.gov/MARC21/slim http://www.loc.gov/standards/marcxml/schema/MARC21slim.xsd">
   <leader>00925njm 22002777a 4500</leader>
   <datafield ind2=" " ind1=" " tag="042">
      <subfield code="a">dc</subfield>
   </datafield>
   <datafield ind2=" " ind1=" " tag="720">
      <subfield code="a">Ruiz-del-Olmo, Francisco Javier</subfield>
      <subfield code="e">author</subfield>
   </datafield>
   <datafield ind2=" " ind1=" " tag="260">
      <subfield code="c">2011</subfield>
   </datafield>
   <datafield ind2=" " ind1=" " tag="520">
      <subfield code="a">Análisis crítico de la emblemática obra de Marshall Berman "Todo lo sólido se desvanece en el aire", texto visionario e influyente que descubrió claves para interpretar la modernidad. La obra de Berman es un riguroso y fulgurante análisis de la dialéctica entre modernidad y modernismo, donde propone una visión integradora&#xd;
que nos permite conocer en su totalidad más amplia las raíces del mundo moderno.&#xd;
Remontándose al siglo XVI, pasando por la ola revolucionaria francesa de finales del&#xd;
siglo XVIII, para describir finalmente el apogeo de la modernidad en el siglo XX, el académico norteamericano descubre, en la obra de Baudelaire, Marx, Goethe o Dostoievski, en la evolución urbana de metrópolis como París, San Petersburgo o Nueva York, las constantes contradictorias de la modernidad.</subfield>
   </datafield>
   <datafield ind1="8" ind2=" " tag="024">
      <subfield code="a">1605-4806</subfield>
   </datafield>
   <datafield ind1="8" ind2=" " tag="024">
      <subfield code="a">http://hdl.handle.net/10630/4970</subfield>
   </datafield>
   <datafield tag="653" ind2=" " ind1=" ">
      <subfield code="a">Berman, Marshall - Crítica e interpretación</subfield>
   </datafield>
   <datafield tag="653" ind2=" " ind1=" ">
      <subfield code="a">Filosofía moderna - 19..</subfield>
   </datafield>
   <datafield ind2="0" ind1="0" tag="245">
      <subfield code="a">Modernización y Modernismo. A propósito de “Todo lo sólido se desvanece en el aire”, de Marshall Berman</subfield>
   </datafield>
</record>
</metadata></record></GetRecord></OAI-PMH>